[Event "ch-city A"]
[Site "Warszawa"]
[Date "2013.05.12"]
[Round "2.12"]
[White "Kuciel, Wladyslaw"]
[Black "Malec, Sebastian"]
[Result "1-0"]
[WhiteElo "2006"]
[BlackElo "2170"]
[PlyCount "53"]
[EventDate "2013.05.11"]
[EventType "swiss"]
[EventRounds "9"]
[EventCountry "POL"]

1. d4 Nf6 2. c4 g6 3. Nc3 d5 4. cxd5 Nxd5 5. Bd2 Bg7 6. e4 Nb6 7. Be3 O-O 8.
Be2 Nc6 9. Nf3 Bg4 10. d5 Bxf3 11. gxf3 Na5 12. Bd4 Qd6 13. Bxg7 Kxg7 14. Qd2
Qf6 15. O-O-O Nac4 16. Qd4 Ne5 17. h4 Rac8 18. Kb1 c5 19. Qe3 Nbc4 20. Qc1 Na5
21. f4 Nd7 22. h5 c4 23. Bg4 Nc5 24. Bxc8 Rxc8 25. hxg6 hxg6 26. f5 gxf5 27. e5
1-0

[Event "ch-city A"]
[Site "Warszawa"]
[Date "2013.05.12"]
[Round "2.13"]
[White "Piotrowski, Arkadiusz"]
[Black "Gorecki, Andrzej"]
[Result "1-0"]
[WhiteElo "1971"]
[BlackElo "2093"]
[PlyCount "83"]
[EventDate "2013.05.11"]
[EventType "swiss"]
[EventRounds "9"]
[EventCountry "POL"]

1. d4 Nf6 2. Nf3 g6 3. c4 Bg7 4. Nc3 O-O 5. e4 d6 6. Be2 e5 7. O-O Nc6 8. dxe5
dxe5 9. Qxd8 Rxd8 10. Bg5 Re8 11. Nd5 Nxd5 12. cxd5 Nd4 13. Nxd4 exd4 14. f3
Bd7 15. Bd3 c6 16. dxc6 bxc6 17. Bf4 Be5 18. Bxe5 Rxe5 19. Rac1 Ra5 20. a3 Rb8
21. Rf2 c5 22. Rfc2 Rc8 23. Kf2 Ba4 24. Rd2 Bb3 25. Bc4 Rb8 26. Ke2 Kf8 27. Kd3
Ke7 28. f4 f6 29. g4 Ba4 30. h4 h6 31. Rf1 Bd7 32. f5 gxf5 33. gxf5 Bb5 34. Rg1
Kd6 35. e5+ fxe5 36. Rg6+ Ke7 37. f6+ Kd6 38. f7+ Ke7 39. Re6+ Kf8 40. Rf2
Bxc4+ 41. Kxc4 Rab5 42. Re8+ 1-0

[Event "ch-city A"]
[Site "Warszawa"]
[Date "2013.05.12"]
[Round "2.14"]
[White "Leks, Maria"]
[Black "Kaliszewski, Tomasz"]
[Result "0-1"]
[WhiteElo "2091"]
[BlackElo "2010"]
[PlyCount "64"]
[EventDate "2013.05.11"]
[EventType "swiss"]
[EventRounds "9"]
[EventCountry "POL"]

1. e4 Nc6 2. Nf3 d6 3. d4 Bg4 4. Bb5 a6 5. Bxc6+ bxc6 6. h3 Bh5 7. O-O Nf6 8.
Re1 e6 9. c4 h6 10. Nc3 Be7 11. Qa4 Qd7 12. e5 Nh7 13. g4 Bg6 14. d5 cxd5 15.
Qxd7+ Kxd7 16. cxd5 Rab8 17. b3 h5 18. g5 Bf5 19. Kh2 Rb4 20. Ba3 Rf4 21. Kg3
Rxf3+ 22. Kxf3 Nxg5+ 23. Kg3 h4+ 24. Kg2 Bxh3+ 25. Kh1 Bg4 26. exd6 cxd6 27. f4
Nf3 28. Rec1 Bf6 29. Bb4 exd5 30. Rab1 Re8 31. Nxd5 Re2 32. Nb6+ Kd8 0-1

[Event "ch-city A"]
[Site "Warszawa"]
[Date "2013.05.12"]
[Round "2.15"]
[White "Liberadzki, Slawomir"]
[Black "Bielecki, Pawel"]
[Result "1-0"]
[WhiteElo "2073"]
[BlackElo "1983"]
[PlyCount "121"]
[EventDate "2013.05.11"]
[EventType "swiss"]
[EventRounds "9"]
[EventCountry "POL"]

1. c4 Nf6 2. Nc3 g6 3. g3 Bg7 4. Bg2 c5 5. e3 Nc6 6. Nge2 d6 7. O-O O-O 8. d4
Nd7 9. b3 a6 10. Bb2 Rb8 11. Qd2 Qa5 12. Rfd1 cxd4 13. exd4 Nf6 14. a3 Qc7 15.
Nf4 Re8 16. Ncd5 Nxd5 17. Nxd5 Qd8 18. Ne3 Qb6 19. b4 e5 20. dxe5 dxe5 21. c5
Qd8 22. Bxc6 Qxd2 23. Rxd2 bxc6 24. Rd6 a5 25. Bc3 axb4 26. Bxb4 Bb7 27. Rad1
Kf8 28. Nc4 Re7 29. Na5 Rc7 30. Rd7 Rxd7 31. Rxd7 Ba8 32. Rc7 Rd8 33. Kf1 e4
34. Nxc6 Re8 35. Ke2 Bb2 36. Ke3 Kg7 37. Nd4 Bc1+ 38. Ke2 Bd5 39. Kd1 e3 40.
fxe3 Bxe3 41. Bc3 Kf8 42. Rd7 Bg2 43. Bb4 Kg7 44. Bc3 Kf8 45. Kc2 Bg1 46. h4
Bf2 47. g4 Be4+ 48. Kb3 Bxh4 49. c6 Bg3 50. c7 Bb7 51. Rd8 f5 52. gxf5 Bxc7 53.
Ne6+ Ke7 54. Rxe8+ Kxe8 55. Nxc7+ Kf7 56. f6 g5 57. Kc4 h5 58. Nb5 Ke6 59. Kd3
h4 60. f7 Ke7 61. Bb4+ 1-0

[Event "ch-city A"]
[Site "Warszawa"]
[Date "2013.05.12"]
[Round "2.16"]
[White "Chomczyk, Marek"]
[Black "Harazinska, Ewa"]
[Result "1-0"]
[WhiteElo "1942"]
[BlackElo "2070"]
[PlyCount "71"]
[EventDate "2013.05.11"]
[EventType "swiss"]
[EventRounds "9"]
[EventCountry "POL"]

1. e4 c5 2. Nf3 d6 3. d4 cxd4 4. Nxd4 Nf6 5. Nc3 a6 6. Be3 e5 7. Nb3 Be6 8. h3
Be7 9. Qf3 O-O 10. O-O-O b5 11. g4 Nc6 12. Kb1 Rc8 13. g5 Nd7 14. h4 Qc7 15.
Bh3 b4 16. Nd5 Bxd5 17. exd5 Ncb8 18. h5 f5 19. gxf6 Qxc2+ 20. Ka1 Bxf6 21. Rc1
e4 22. Rxc2 exf3 23. Be6+ Kh8 24. Rhc1 Rcd8 25. Na5 Nc5 26. Bxc5 dxc5 27. Nb7
Rde8 28. Rxc5 Bd4 29. R5c2 Be5 30. Rc4 g6 31. h6 Bf4 32. Rxf4 Rxf4 33. Nd6 Ref8
34. Nf7+ Kg8 35. Ng5+ Kh8 36. Rc7 1-0

[Event "ch-city A"]
[Site "Warszawa"]
[Date "2013.05.12"]
[Round "2.17"]
[White "Kubeczko, Grzegorz"]
[Black "Sujkowski, Pawel"]
[Result "1/2-1/2"]
[WhiteElo "2036"]
[BlackElo "1956"]
[PlyCount "38"]
[EventDate "2013.05.11"]
[EventType "swiss"]
[EventRounds "9"]
[EventCountry "POL"]

1. Nf3 c5 2. g3 g6 3. Bg2 Bg7 4. c4 Nc6 5. Nc3 e6 6. d3 Nge7 7. Bg5 h6 8. Bd2
d5 9. cxd5 exd5 10. Qc1 b6 11. Bf4 a6 12. h4 Be6 13. O-O Rc8 14. e4 d4 15. Ne2
Nb4 16. Qd1 O-O 17. b3 Kh7 18. Qd2 Nbc6 19. Rab1 Qd7 $11 1/2-1/2

[Event "ch-city A"]
[Site "Warszawa"]
[Date "2013.05.13"]
[Round "3.1"]
[White "Eggink, Ryszard"]
[Black "Rudolf, Michal"]
[Result "1/2-1/2"]
[WhiteElo "2087"]
[BlackElo "2364"]
[PlyCount "178"]
[EventDate "2013.05.11"]
[EventType "swiss"]
[EventRounds "9"]
[EventCountry "POL"]

1. e4 c6 2. d4 d5 3. Nc3 dxe4 4. Nxe4 Bf5 5. Ng3 Bg6 6. N1e2 e6 7. h4 h6 8. Nf4
Bh7 9. Bc4 Nf6 10. c3 Bd6 11. Nfh5 Rg8 12. Qf3 Nxh5 13. Nxh5 Nd7 14. Bf4 Bxf4
15. Qxf4 Qa5 16. g4 Bg6 17. Ng3 e5 18. Qd2 exd4 19. cxd4 Qxd2+ 20. Kxd2 O-O-O
21. Kc3 b5 22. Bb3 a5 23. a3 Nc5 24. Rad1 Nxb3 25. Kxb3 Rge8 26. Kc3 f6 27. b4
Be4 28. Nxe4 Rxe4 29. f3 Rf4 30. Rd3 axb4+ 31. axb4 Kc7 32. Ra1 Kb6 33. Re1 h5
34. Re4 Rxe4 35. fxe4 Re8 36. gxh5 Rxe4 37. Rg3 Rxh4 38. Rxg7 Rxh5 39. Rf7 Rh3+
40. Kc2 Rf3 41. Kb2 f5 42. Ka2 f4 43. Kb2 Rf2+ 44. Kb3 f3 45. Kc3 Rf1 46. Kb2
f2 47. Ka2 Rd1 48. Rxf2 Rxd4 49. Kb3 Rd3+ 50. Kc2 Rd4 51. Kc3 Rc4+ 52. Kb3 Kc7
53. Rf6 Re4 54. Rh6 Kd7 55. Rh3 Kd6 56. Rd3+ Ke5 57. Rc3 Kd5 58. Rc5+ Kd6 59.
Rc3 Re6 60. Rd3+ Ke5 61. Rd1 Rf6 62. Re1+ Kd4 63. Rd1+ Ke3 64. Rd8 Ke4 65. Re8+
Kd3 66. Rd8+ Ke3 67. Rd7 Ke2 68. Rd8 Re6 69. Rd4 Ke3 70. Rd8 Kf4 71. Rd4+ Ke5
72. Rd1 Rf6 73. Re1+ Kd6 74. Rd1+ Ke7 75. Rd3 Rd6 76. Re3+ Re6 77. Rd3 Re5 78.
Kc3 Re4 79. Kb3 Ke6 80. Rc3 Kd6 81. Rd3+ Ke6 82. Rc3 Kd5 83. Rc5+ Kd6 84. Rc3
Rd4 85. Rh3 Kd5 86. Rh5+ Ke4 87. Rh4+ Kd3 88. Rh3+ Kd2 89. Rh2+ Ke3 1/2-1/2

[Event "ch-city A"]
[Site "Warszawa"]
[Date "2013.05.13"]
[Round "3.2"]
[White "Przedmojski, Rafal"]
[Black "Janczarski, Michal"]
[Result "1/2-1/2"]
[WhiteElo "2359"]
[BlackElo "2346"]
[PlyCount "101"]
[EventDate "2013.05.11"]
[EventType "swiss"]
[EventRounds "9"]
[EventCountry "POL"]

1. e4 c5 2. c3 Nf6 3. e5 Nd5 4. Nf3 Nc6 5. g3 d6 6. exd6 Qxd6 7. Bg2 Qe6+ 8.
Kf1 g6 9. d4 cxd4 10. Nxd4 Nxd4 11. Qxd4 Nf6 12. Na3 Bd7 13. Bg5 Qa6+ 14. Kg1
Bg7 15. Re1 Rd8 16. Bf1 b5 17. Nxb5 O-O 18. Qxa7 Qc8 19. Nd4 Bh3 20. Bg2 Qg4
21. Bxh3 Qxh3 22. Nc6 Rd7 23. Nxe7+ Kh8 24. Qa4 h6 25. Bxf6 Bxf6 26. Nc6 Kg7
27. Nd4 Rfd8 28. Rd1 Re7 29. Qc4 Bxd4 30. cxd4 Rde8 31. Qf1 Qf5 32. h4 Re2 33.
Rh2 Qa5 34. Kg2 Rxb2 35. Qc4 Ree2 36. Rf1 Qd2 37. Kg1 Rc2 38. Qb5 Qxd4 39. a4
Rb2 40. Qa6 Red2 41. Rg2 Ra2 42. a5 Ra1 43. Kh2 Rda2 44. Rxa1 Qxa1 45. Qb6 Rxa5
46. Rg1 Qe5 47. Rd1 Ra4 48. Kg2 Qe2 49. Rh1 Qe5 50. Qc6 Ra1 51. Rxa1 $11
1/2-1/2

[Event "ch-city A"]
[Site "Warszawa"]
[Date "2013.05.13"]
[Round "3.3"]
[White "Sadowski, Miroslaw"]
[Black "Grabarczyk, Miroslaw"]
[Result "0-1"]
[WhiteElo "2148"]
[BlackElo "2470"]
[PlyCount "68"]
[EventDate "2013.05.11"]
[EventType "swiss"]
[EventRounds "9"]
[EventCountry "POL"]

1. d4 d5 2. Nf3 Nf6 3. Bf4 c5 4. e3 Nc6 5. Be2 Qb6 6. Nc3 a6 7. Na4 Qa5+ 8. c3
cxd4 9. exd4 e6 10. O-O Be7 11. h3 O-O 12. b4 Qd8 13. Ne5 Nxe5 14. dxe5 Nd7 15.
Bg3 Qc7 16. Qd4 b5 17. Nb2 Bb7 18. a4 bxa4 19. Nxa4 Bc6 20. Rfc1 Rfc8 21. Bf1
Bb5 22. Bf4 Qc6 23. Nb2 Bxf1 24. Kxf1 a5 25. Kg1 Qb5 26. Qd3 Qb8 27. Qd4 axb4
28. cxb4 Rxa1 29. Rxa1 Bxb4 30. Qa7 Nc5 31. Qxb8 Rxb8 32. Ra7 h6 33. Kf1 Bc3
34. Nd1 Bd4 0-1

[Event "ch-city A"]
[Site "Warszawa"]
[Date "2013.05.13"]
[Round "3.4"]
[White "Strzemiecki, Zbigniew"]
[Black "Jarmula, Pawel"]
[Result "1-0"]
[WhiteElo "2443"]
[BlackElo "2190"]
[PlyCount "169"]
[EventDate "2013.05.11"]
[EventType "swiss"]
[EventRounds "9"]
[EventCountry "POL"]

1. c4 e5 2. Nc3 Nf6 3. g3 d5 4. cxd5 Nxd5 5. Bg2 Nb6 6. Nf3 Nc6 7. O-O Be7 8.
a3 O-O 9. b4 Be6 10. Bb2 Nc4 11. Bc1 a5 12. b5 Nd4 13. d3 Nb6 14. Nxd4 exd4 15.
Na4 Bd5 16. Nxb6 cxb6 17. a4 Bxg2 18. Kxg2 Qd5+ 19. Kg1 Bc5 20. Ba3 Rfe8 21.
Bxc5 bxc5 22. b6 $11 Qe6 23. Rb1 Qxe2 24. Rb5 Qe7 25. Qc2 Rec8 26. Rc1 c4 27.
dxc4 Rc5 28. Rxc5 Qxc5 29. Qe4 Qxb6 30. Rb1 Qd6 31. Rxb7 Rd8 32. Qf5 Qf6 33.
Rd7 Rb8 34. Qxf6 gxf6 35. c5 Rb1+ 36. Kg2 Rc1 37. Rxd4 Rxc5 38. Kf3 Kg7 39. Ke3
Rc3+ 40. Ke4 Rc2 41. f3 Kg6 42. h4 Rc5 43. Kd3 h5 44. Rd8 Rf5 45. Ke4 Re5+ 46.
Kd4 Re1 47. Ra8 Rg1 48. Ke3 Re1+ 49. Kd3 Rd1+ 50. Ke2 Rd5 51. Ke3 Rc5 52. Kd4
Re5 53. Ra7 Re1 54. Rxa5 Rg1 55. Ra8 Kg7 56. a5 Rxg3 57. Ke3 Rh3 58. Rd8 Rh1
59. Rd5 Kg6 60. Kd3 Re1 61. Rb5 Rf1 62. Ke3 Rd1 63. Rc5 Rh1 64. Kd3 Rf1 65. Kc4
Rxf3 66. Kb5 Rb3+ 67. Kc6 Ra3 68. Kb6 f5 69. a6 f4 70. a7 f3 71. Rc3 Ra1 72.
Rxf3 Rb1+ 73. Kc7 Rc1+ 74. Kb7 Rb1+ 75. Kc8 Rc1+ 76. Kb8 Rb1+ 77. Ka8 Rb4 78.
Rg3+ Kh7 79. Rg5 Rxh4 80. Kb7 Ra4 81. Rxh5+ Kg6 82. Rh8 f5 83. a8=Q Rxa8 84.
Rxa8 Kg5 85. Kc6 1-0

[Event "ch-city A"]
[Site "Warszawa"]
[Date "2013.05.13"]
[Round "3.5"]
[White "Deszczynski, Adam"]
[Black "Jarmula, Lukasz"]
[Result "1/2-1/2"]
[WhiteElo "2371"]
[BlackElo "2250"]
[PlyCount "72"]
[EventDate "2013.05.11"]
[EventType "swiss"]
[EventRounds "9"]
[EventCountry "POL"]

1. e4 e6 2. d4 d5 3. Nc3 Bb4 4. Nge2 dxe4 5. a3 Be7 6. Nxe4 Nf6 7. Qd3 b6 8.
Qf3 Nxe4 9. Qxe4 Qd5 10. Qxd5 exd5 11. Bf4 c6 12. O-O-O O-O 13. h4 h5 14. Bg3
Nd7 $11 15. Nf4 Nf6 16. Re1 Re8 17. Bd3 Bb7 18. f3 Bf8 19. Re5 g6 20. Rhe1 Bd6
21. R5e2 Bf8 22. c3 Rxe2 23. Rxe2 Re8 24. Re5 Bd6 25. Re2 Rxe2 26. Nxe2 Bxg3
27. Nxg3 Ne8 28. Ne2 Nd6 29. Nf4 Bc8 30. b3 Kg7 31. Kd2 Kf6 32. g3 a5 33. b4
Bf5 34. Bf1 Bd7 35. Bd3 Bf5 36. Bf1 Bd7 $11 1/2-1/2

[Event "ch-city A"]
[Site "Warszawa"]
[Date "2013.05.13"]
[Round "3.6"]
[White "Adamski, Andrzej"]
[Black "Gluszko, Monika"]
[Result "1-0"]
[WhiteElo "2270"]
[BlackElo "1914"]
[PlyCount "93"]
[EventDate "2013.05.11"]
[EventType "swiss"]
[EventRounds "9"]
[EventCountry "POL"]

1. e4 c5 2. c3 d5 3. exd5 Qxd5 4. d4 Nf6 5. Nf3 e6 6. Be3 cxd4 7. cxd4 Be7 8.
Nc3 Qd6 9. Bc4 O-O 10. O-O a6 11. Ne5 Rd8 12. Qf3 Nc6 13. Qf4 b5 14. Be2 Bb7
15. Bf3 Rac8 16. Ne4 Qb4 17. a3 Qb3 18. Nd2 Qxb2 19. Rfb1 Qc2 20. Rc1 Qxc1+ 21.
Rxc1 Nxe5 22. Rxc8 Nxf3+ 23. Nxf3 Rxc8 24. Bc1 Nd5 25. Qd2 Bd6 26. Ne5 Nc3 27.
Bb2 Na4 28. f3 f6 29. Nd3 Rc4 30. Kf1 Kf7 31. Nc5 Bxc5 32. dxc5 Nxb2 33. Qd7+
Kg6 34. Qxb7 Rxc5 35. Qxa6 Nc4 36. Qxe6 Re5 37. Qg4+ Kf7 38. Qd7+ Kg6 39. Kf2
Nb6 40. Qd3+ Kf7 41. Qxh7 Nc4 42. Qd3 Ke7 43. h4 Re6 44. Qd5 Re5 45. Qg8 g5 46.
h5 Nxa3 47. h6 1-0

[Event "ch-city A"]
[Site "Warszawa"]
[Date "2013.05.13"]
[Round "3.7"]
[White "Spicak, Krzysztof"]
[Black "Liberadzki, Slawomir"]
[Result "1/2-1/2"]
[WhiteElo "1923"]
[BlackElo "2073"]
[PlyCount "125"]
[EventDate "2013.05.11"]
[EventType "swiss"]
[EventRounds "9"]
[EventCountry "POL"]

1. d4 d5 2. c4 e6 3. Nc3 Nf6 4. Nf3 b6 5. Bg5 Be7 6. Bxf6 Bxf6 7. e4 dxe4 8.
Nxe4 Bb7 9. Nxf6+ Qxf6 10. Be2 O-O 11. Qd2 Rd8 12. O-O-O c5 13. Qe3 Na6 14.
dxc5 Nxc5 15. Rxd8+ Rxd8 16. Rd1 Rxd1+ 17. Bxd1 Be4 18. Ne1 h6 19. f3 Bg6 20.
Qd2 Qh4 21. g4 e5 22. b4 Ne6 23. Kb2 e4 24. fxe4 Bxe4 25. a3 Qf6+ 26. Ka2 a5
27. Qe3 Bg6 28. Nf3 axb4 29. axb4 Qd8 30. Be2 Qd7 31. Kb2 Qd6 32. Kc3 Bb1 33.
Qe5 Qf8 34. Nd2 Bg6 35. Bf3 Qd8 36. Bd5 Nc7 37. Be4 Bxe4 38. Nxe4 Ne6 39. c5
bxc5 40. Nxc5 Qa8 41. Kc4 Qa2+ 42. Kb5 Nf8 43. Qg3 Qa7 44. Qd6 Ng6 45. h3 Kh7
46. Qd7 Qb8+ 47. Qb7 Qe8+ 48. Qd7 Qb8+ 49. Ka5 Ne5 50. Qb7 Qd8+ 51. Ka6 Qf6+
52. Kb5 Qf1+ 53. Kb6 Nc4+ 54. Ka7 Nd6 55. Qa6 Qf4 56. Qd3+ Kg8 57. Na6 Qe5 58.
Kb6 Nc8+ 59. Kb7 Nd6+ 60. Kc6 Ne4 61. b5 Qe6+ 62. Kc7 Nf6 63. Qd8+ $11 1/2-1/2

[Event "ch-city A"]
[Site "Warszawa"]
[Date "2013.05.13"]
[Round "3.8"]
[White "Kuciel, Wladyslaw"]
[Black "Nurkiewicz, Maciej"]
[Result "0-1"]
[WhiteElo "2006"]
[BlackElo "2379"]
[PlyCount "44"]
[EventDate "2013.05.11"]
[EventType "swiss"]
[EventRounds "9"]
[EventCountry "POL"]

1. d4 Nf6 2. Nf3 c5 3. e3 d5 4. c4 dxc4 5. Bxc4 e6 6. O-O a6 7. Bb3 Nc6 8. Qe2
cxd4 9. Rd1 Be7 10. Nc3 O-O 11. Nxd4 Qc7 12. Nxc6 Qxc6 13. e4 b5 14. Bg5 Bb7
15. Rac1 Qe8 16. a3 Rc8 17. Bc2 Nd7 18. Bxe7 Qxe7 19. e5 Qg5 20. Ne4 Qxe5 21.
Rxd7 Bxe4 22. Re1 Qxb2 0-1

[Event "ch-city A"]
[Site "Warszawa"]
[Date "2013.05.13"]
[Round "3.9"]
[White "Maciaga, Marcin"]
[Black "Chomczyk, Marek"]
[Result "1-0"]
[WhiteElo "2208"]
[BlackElo "1942"]
[PlyCount "53"]
[EventDate "2013.05.11"]
[EventType "swiss"]
[EventRounds "9"]
[EventCountry "POL"]

1. d4 Nf6 2. c4 e6 3. Nf3 d5 4. g3 Be7 5. Bg2 O-O 6. O-O c6 7. Nbd2 b6 8. Qc2
Nbd7 9. e4 dxc4 10. Nxc4 Bb7 11. Bg5 c5 12. e5 Nd5 13. h4 h6 14. Bxe7 Qxe7 15.
Rfd1 cxd4 16. Rxd4 Rac8 17. Qd2 Rc7 18. Re1 Ba6 19. Nd6 Nxe5 20. Nxe5 Qxd6 21.
Bxd5 Rd8 22. Nxf7 Rxf7 23. Rxe6 Qc7 24. Rc6 Rxd5 25. Rxc7 Rxd4 26. Qxd4 Rxc7
27. Qd8+ 1-0

[Event "ch-city A"]
[Site "Warszawa"]
[Date "2013.05.13"]
[Round "3.10"]
[White "Nowicki, Bartosz"]
[Black "Piotrowski, Arkadiusz"]
[Result "1-0"]
[WhiteElo "2173"]
[BlackElo "1971"]
[PlyCount "73"]
[EventDate "2013.05.11"]
[EventType "swiss"]
[EventRounds "9"]
[EventCountry "POL"]

1. e4 c5 2. Nf3 e6 3. d4 cxd4 4. Nxd4 Nf6 5. Nc3 Nc6 6. Ndb5 d6 7. Bf4 e5 8.
Bg5 a6 9. Na3 b5 10. Bxf6 gxf6 11. Nd5 Be6 12. c3 Bxd5 13. exd5 Na7 14. Bd3 Qa5
15. Nc2 Nc8 16. a4 bxa4 17. Ne3 f5 18. Rxa4 Qc5 19. Rc4 Qa5 20. Bxf5 Ne7 21.
Bc2 Bh6 22. Ba4+ Kf8 23. b4 Qb6 24. Ng4 Bg7 25. Qf3 f5 26. Bd7 e4 27. Qf4 h5
28. Bxf5 Ke8 29. Ne3 Bh6 30. Qxe4 Bg7 31. O-O Be5 32. Kh1 Rf8 33. f4 Bh8 34.
Rc6 Qxe3 35. Bg6+ Kd8 36. Qxe3 Nxg6 37. Rxd6+ 1-0

[Event "ch-city A"]
[Site "Warszawa"]
[Date "2013.05.13"]
[Round "3.11"]
[White "Kaliszewski, Tomasz"]
[Black "Borowy, Cezary"]
[Result "0-1"]
[WhiteElo "2010"]
[BlackElo "1842"]
[PlyCount "60"]
[EventDate "2013.05.11"]
[EventType "swiss"]
[EventRounds "9"]
[EventCountry "POL"]

1. e4 c5 2. Nf3 d6 3. d4 cxd4 4. Nxd4 Nf6 5. Nc3 g6 6. Be3 Bg7 7. f3 O-O 8. Qd2
Nc6 9. Bc4 Bd7 10. O-O-O Rb8 11. h4 b5 12. Be2 b4 13. Nd5 Qa5 14. Nxf6+ Bxf6
15. Kb1 Nxd4 16. Bxd4 Be6 17. b3 Bxd4 18. Qxd4 Rfc8 19. Bd3 Rc5 20. g4 Rbc8 21.
g5 Rc3 22. f4 Bg4 23. Rd2 R8c5 24. Rg1 Bh5 25. Bc4 Qa3 26. e5 Ra5 27. Rdg2
Qxa2+ 28. Kc1 Qa1+ 29. Kd2 Qb2 30. Qe4 Bf3 0-1

[Event "ch-city A"]
[Site "Warszawa"]
[Date "2013.05.13"]
[Round "3.12"]
[White "Nowak, Lukasz"]
[Black "Goslawski, Michal"]
[Result "1-0"]
[WhiteElo "1897"]
[BlackElo "2149"]
[PlyCount "81"]
[EventDate "2013.05.11"]
[EventType "swiss"]
[EventRounds "9"]
[EventCountry "POL"]

1. e4 c5 2. Nf3 d6 3. d4 cxd4 4. Nxd4 Nf6 5. Nc3 a6 6. Be2 e5 7. Nb3 Be7 8. O-O
Be6 9. f4 Qc7 10. f5 Bc4 11. a4 Nbd7 12. Kh1 O-O 13. g4 d5 14. exd5 Nb6 15. g5
Nfxd5 16. Ne4 Rfd8 17. Qe1 Rac8 18. f6 Bb4 19. Bd2 Bxd2 20. Nbxd2 Bxe2 21. Qxe2
Qxc2 22. fxg7 Nf4 23. Nf6+ Kxg7 24. Qxe5 Kg6 25. Qxf4 Rxd2 26. Ne4 Rxh2+ 27.
Qxh2 Qxe4+ 28. Kg1 Qg4+ 29. Qg2 Qxg2+ 30. Kxg2 Rc2+ 31. Rf2 Rxf2+ 32. Kxf2 Kxg5
33. a5 Nc4 34. b3 Ne5 35. Rd1 Kf5 36. Rd6 Ke4 37. Rb6 Nc6 38. b4 Nd8 39. b5
axb5 40. Rxb7 Nc6 41. Rxb5 1-0

[Event "ch-city A"]
[Site "Warszawa"]
[Date "2013.05.13"]
[Round "3.13"]
[White "Sujkowski, Pawel"]
[Black "Kielar, Maciej"]
[Result "1/2-1/2"]
[WhiteElo "1956"]
[BlackElo "2121"]
[PlyCount "62"]
[EventDate "2013.05.11"]
[EventType "swiss"]
[EventRounds "9"]
[EventCountry "POL"]

1. c4 g6 2. Nc3 Bg7 3. g3 c5 4. Bg2 Nc6 5. Nf3 e5 6. O-O Nge7 7. Ne1 O-O 8. Nc2
f5 9. Ne3 d6 10. Ned5 Be6 11. d3 h6 12. e3 Qd7 13. f4 Rae8 14. Kh1 Kh7 15. Rb1
Ng8 16. a3 Nf6 17. Nxf6+ Rxf6 18. Nd5 Rf7 19. b4 b6 20. Qa4 Nb8 21. Qxd7 Bxd7
22. Kg1 Ba4 23. Rf2 exf4 24. gxf4 Nd7 25. Bb2 Bxb2 26. Rfxb2 Nf6 27. Re1 Bd7
28. h4 Ng4 29. Bf3 Be6 30. Bxg4 Bxd5 31. Bh3 Bc6 1/2-1/2

[Event "ch-city A"]
[Site "Warszawa"]
[Date "2013.05.13"]
[Round "3.14"]
[White "Kasperkiewicz, Pawel"]
[Black "Kubeczko, Grzegorz"]
[Result "1-0"]
[WhiteElo "2108"]
[BlackElo "2036"]
[PlyCount "75"]
[EventDate "2013.05.11"]
[EventType "swiss"]
[EventRounds "9"]
[EventCountry "POL"]

1. e4 d6 2. d4 Nf6 3. Nc3 Nbd7 4. Nf3 e5 5. Bc4 Be7 6. O-O O-O 7. a4 c6 8. Ba2
b6 9. Qe2 a6 10. Rd1 Qc7 11. dxe5 dxe5 12. Nh4 Bb4 13. Nb1 b5 14. Nf5 Re8 15.
Bg5 Bf8 16. axb5 cxb5 17. Nc3 Bb7 18. Rd3 g6 19. Ne3 Bg7 20. Ned5 Bxd5 21. Nxd5
Nxd5 22. Bxd5 Rac8 23. Rf3 Nc5 24. Rxf7 Qxf7 25. Bxf7+ Kxf7 26. f3 Ne6 27. Be3
Rc6 28. c3 Rd8 29. Rd1 Rcd6 30. Rxd6 Rxd6 31. g3 Bf6 32. Kg2 Rd7 33. Kf1 Be7
34. f4 Bf6 35. Qg4 Rd3 36. Ke2 Rd8 37. f5 Nf8 38. Bg5 $138 1-0

[Event "ch-city A"]
[Site "Warszawa"]
[Date "2013.05.13"]
[Round "3.15"]
[White "Malec, Sebastian"]
[Black "Kowalska, Elzbieta"]
[Result "1/2-1/2"]
[WhiteElo "2170"]
[BlackElo "1891"]
[PlyCount "77"]
[EventDate "2013.05.11"]
[EventType "swiss"]
[EventRounds "9"]
[EventCountry "POL"]

1. d4 Nf6 2. c4 g6 3. Nc3 Bg7 4. e4 d6 5. Nf3 O-O 6. Be2 Nbd7 7. O-O c5 8. d5
h6 9. Ne1 Nh7 10. Be3 Re8 11. Qd2 h5 12. f4 Nhf6 13. h3 a6 14. a4 b6 15. Bf3
Rb8 16. g4 hxg4 17. hxg4 Nf8 18. f5 N6d7 19. Kg2 Ne5 20. Be2 f6 21. b3 Nfd7 22.
Kf2 Kf7 23. Ng2 g5 24. Kg3 Rh8 25. Nd1 a5 26. Nf2 Qg8 27. Rh1 Rxh1 28. Rxh1 Ke8
29. Qe1 Kd8 30. Bd2 Ra8 31. Ne3 Kc7 32. Kg2 Nf7 33. Nf1 Nde5 34. Ng3 Bd7 35.
Bc3 Kb7 36. Qg1 Rf8 37. Qh2 Be8 38. Nh5 Bh8 39. Ng3 $11 1/2-1/2

[Event "ch-city A"]
[Site "Warszawa"]
[Date "2013.05.13"]
[Round "3.16"]
[White "Gorecki, Andrzej"]
[Black "Harazinska, Ewa"]
[Result "0-1"]
[WhiteElo "2093"]
[BlackElo "2070"]
[PlyCount "80"]
[EventDate "2013.05.11"]
[EventType "swiss"]
[EventRounds "9"]
[EventCountry "POL"]

1. d4 Nf6 2. c4 e6 3. Nc3 Bb4 4. e3 O-O 5. Nge2 d5 6. a3 Bd6 7. cxd5 exd5 8. g3
Bf5 9. Qb3 b6 10. Bg2 c6 11. O-O Qd7 12. Bd2 Bh3 13. Qc2 Bxg2 14. Kxg2 Na6 15.
b4 Nc7 16. Rab1 Rfe8 17. f3 Qe7 18. Na4 Nb5 19. Qd3 Rac8 20. Rfc1 g6 21. Rb3
Bb8 22. Nb2 Nd6 23. Rbc3 Qd7 24. a4 Kg7 25. Qc2 Nf5 26. Nd1 Ne7 27. Nf2 Nf5 28.
Nd1 Ne7 29. Qd3 Bd6 30. R3c2 Nf5 31. e4 dxe4 32. fxe4 Nxe4 33. d5 cxd5 34. Rxc8
Rxc8 35. Rxc8 Qxc8 36. Qxd5 Nxd2 37. Qxd2 Qc6+ 38. Kh3 Qf3 39. Nb2 Qf1+ 40. Kg4
h5+ 0-1

[Event "ch-city A"]
[Site "Warszawa"]
[Date "2013.05.13"]
[Round "3.17"]
[White "Bielecki, Pawel"]
[Black "Leks, Maria"]
[Result "0-1"]
[WhiteElo "1983"]
[BlackElo "2091"]
[PlyCount "106"]
[EventDate "2013.05.11"]
[EventType "swiss"]
[EventRounds "9"]
[EventCountry "POL"]

1. e4 d5 2. exd5 Qxd5 3. Nc3 Qd6 4. d4 Nf6 5. Nf3 a6 6. g3 Bg4 7. Bg2 Nc6 8.
O-O O-O-O 9. d5 Ne5 10. Bf4 Nxf3+ 11. Bxf3 Qd7 12. Bxg4 Qxg4 13. Qxg4+ Nxg4 14.
Rfe1 h6 15. h3 Nf6 16. Rad1 Rg8 17. Be5 Nd7 18. Bd4 c5 19. dxc6 bxc6 20. Na4 e6
21. c4 Be7 22. a3 Kb7 23. Kf1 c5 24. Be3 Kc6 25. Ke2 Rb8 26. Rd2 Rb3 27. Rc1
Rgb8 28. Bf4 R8b7 29. h4 g5 30. hxg5 hxg5 31. Be3 Nb6 32. Nxb6 R7xb6 33. Rcc2
Bf6 34. g4 Bxb2 35. Bxg5 Bd4 36. Be7 Rb7 37. Bf8 Rb8 38. Be7 Re8 39. Bh4 Rxa3
40. Rd3 Rxd3 41. Kxd3 Rb8 42. Ke2 a5 43. Bg5 a4 44. Bc1 Rb3 45. Kd1 a3 46. Ra2
Bb2 47. Bd2 Kd6 48. Ke2 Ke5 49. Kd1 Kd4 50. Kc2 Kxc4 51. Be1 Bc3 52. Bxc3 Rxc3+
53. Kb1 Kb3 0-1

[Event "ch-city A"]
[Site "Warszawa"]
[Date "2013.05.14"]
[Round "4.1"]
[White "Grabarczyk, Miroslaw"]
[Black "Eggink, Ryszard"]
[Result "1/2-1/2"]
[WhiteElo "2470"]
[BlackElo "2087"]
[PlyCount "43"]
[EventDate "2013.05.11"]
[EventType "swiss"]
[EventRounds "9"]
[EventCountry "POL"]

1. d4 Nf6 2. c4 c5 3. d5 b5 4. cxb5 a6 5. bxa6 g6 6. Nc3 Bxa6 7. Nf3 d6 8. g3
Bg7 9. Bg2 O-O 10. O-O Nbd7 11. Rb1 Nb6 12. b3 Ne8 13. Bd2 Nc7 14. Nh4 Bb7 15.
e4 Bxc3 16. Bxc3 Rxa2 17. Qc1 f6 18. Nf3 Qd7 19. b4 Na4 20. Ra1 Rxa1 21. Qxa1
Ra8 22. bxc5 $11 1/2-1/2

[Event "ch-city A"]
[Site "Warszawa"]
[Date "2013.05.14"]
[Round "4.2"]
[White "Janczarski, Michal"]
[Black "Strzemiecki, Zbigniew"]
[Result "1/2-1/2"]
[WhiteElo "2346"]
[BlackElo "2443"]
[PlyCount "30"]
[EventDate "2013.05.11"]
[EventType "swiss"]
[EventRounds "9"]
[EventCountry "POL"]

1. d4 Nf6 2. c4 e6 3. Nc3 Bb4 4. Qc2 O-O 5. a3 Bxc3+ 6. Qxc3 Ne4 7. Qc2 f5 8.
Nf3 b6 9. e3 Bb7 10. Be2 d6 11. b4 Nd7 12. Bb2 e5 13. O-O Ng5 14. d5 Nxf3+ 15.
Bxf3 e4 $11 1/2-1/2